Documentos básicos. Homenaje al libertador Simón Bolívar
Guardat en:
| Autor corporatiu: | |
|---|---|
| Format: | Text |
| Publicat: |
Quito:
Secretaría de Coordinación
|
| Etiquetes: |
Afegir etiqueta
Sense etiquetes, Sigues el primer a etiquetar aquest registre!
|
MARC
| LEADER | 00000 a a2200000 04500 | ||
|---|---|---|---|
| 001 | 24988 | ||
| 003 | |||
| 040 | |||
| 090 | |a 179000 | ||
| 110 | |a Convenio Simón Rodríguez de Integración Socio Laboral del Grupo Andino | ||
| 245 | |a Documentos básicos. Homenaje al libertador Simón Bolívar | ||
| 260 | |a Quito: |b Secretaría de Coordinación | ||
| 300 | |a 60 p | ||
| 999 | |c 14088 |d 14088 | ||
